Final 2024 F1 WDC standings - Statistics

General Stats
  • This quiz has been taken 31 times
    29 since last reset
  • The average score is 19 of 24
Answer Stats
Hint Answer % Correct
5 Carlos Sainz
100%
3 Charles Leclerc
100%
2 Lando Norris
100%
1 Max Verstappen
100%
6 George Russell
96%
7 Lewis Hamilton
96%
4 Oscar Piastri
96%
8 Checo Perez
92%
9 Fernando Alonso
81%
10 Pierre Gasly
81%
13 Lance Stroll
77%
11 Nico Hulkenberg
77%
20 Zhou Guanyu
77%
16 Alex Albon
73%
17 Daniel Ricciardo
73%
14 Esteban Ocon
73%
15 Kevin Magnussen
73%
23 Logan Sargeant
73%
22 Valtteri Bottas
73%
12 Yuki Tsunoda
73%
18 Oliver Bearman
69%
19 Franco Colapinto
65%
21 Liam Lawson
65%
24 Jack Doohan
58%
No matching quizzes found
Score Distribution
Percent of People with Each Score
Percentile by Number Answered
Your Score History
You have not taken this quiz since the last reset